000 00421 a2200169 4500
001 190363
020 _a85-262-3179-0
040 _cMagnum
100 _aCompany, Mercè
240 1 0 _aAs sobrinhas da bruxa Onilda e chapeuzinho vermelho
_lpor
245 1 0 _aAs sobrinhas da bruxa Onilda e chapeuzinho vermelho
300 _a31
362 0 _a1997
440 1 _aScipione
697 _aLITERATURA INFANTO
942 _cBK
999 _c190363
_d190363